Opcie v praxi

Vymedzenie pojmu opcie. Opcie a ich podkladové akcie. Výhody opcií oproti akciám.

Enregistré dans:
Détails bibliographiques
Auteur principal: Kovář, Michal
Format: Chapitre de livre
Langue:slovaque
Sujets:
Tags: Ajouter un tag
Pas de tags, Soyez le premier à ajouter un tag!

MARC

LEADER 00000nla$a2200000$$$4500
001 0104464
005 20231121082149.0
041 0 |a slo 
044 |a SK 
245 1 0 |a Opcie v praxi  |c Michal Kovář 
520 |a Vymedzenie pojmu opcie. Opcie a ich podkladové akcie. Výhody opcií oproti akciám. 
610 2 0 |a investori 
610 2 0 |a opcie 
610 2 0 |a trh finančný 
610 2 0 |a deriváty 
610 2 0 |a akcie 
610 2 0 |a pojmy 
100 1 |a Kovář, Michal